| 000 | 00466nam a2200157 a 4500 | ||
|---|---|---|---|
| 005 | 20140412111350.0 | ||
| 008 | 050519s19uu xx 00 eng d | ||
| 020 | _a0-439-25292-X | ||
| 050 |
_aM 929.92 _bR952 1996 |
||
| 100 | _aRyan, Pam Munoz | ||
| 245 |
_aThe flag we love / _cby Pam Munoz Ryan ; illustrated by Ralph Masiello. |
||
| 260 |
_aNew York : _bScholastic Inc, _c1996. |
||
| 300 | _a1 v. (unp.) ; ill. | ||
| 650 | _aFlags and banners | ||
| 999 |
_c105292 _d105292 |
||